000 01123nam a2200325 i 4500
003 EG-GICUC
005 20260430211958.0
008 260430s1911 fr a|||f |||| 000 0 fre d
040 _aEG-GiCUC
_bfre
_cEG-GiCUC
_dEG-GiCUC
_eRda
041 0 _afre
082 0 4 _221
_a343.83
_bBA . P
092 0 4 _221
099 _aLaw1 10 343.83 BA . P 1911
100 1 _aBalthazard, V.
_eAuteur
245 1 0 _aPrécis De Médecine Légale /
_cPar V. Balthazard.
250 _aDeuxième Édition
_bCntièrement Revisée Et Très Augmentée
264 1 _aparis :
_bLibrairie J.-b. Bailliere Et Fils,
_c1911.
300 _aX - Xi, 612 page :
_billustration ;
_c 24 cm.
336 _2rda contenu
_a texte
337 _2rda medias
_aOrdinateur
338 _2 transporteur rda
_a Ressource en ligne
505 _aAvec 136 Figures Noires Et Coloriées Dans Le Texte De Et 2 Planches Coloriées
546 _aTexte en français
650 1 4 _aDroit pénal
_2qrmak
650 1 4 _aMédecine Légale
_2qrmak
651 1 _2qrmak
856 4 0 _uhttps://fll.law.cu.edu.eg/fulltext/bks/B10-11134.pdf
905 _a54
942 _2ddc
_n0
_cBK
_e21
999 _c74598
_d74598